000 00799nam a2200253 a 4500
005 20240925065413.0
008 030605s2002 mx r 000 0 spa d
020 _a9688670014
035 _aUPN01000125082
049 _aCG
050 4 _aHX626
_bM3.6 2002
100 1 _aMarx, Karl,
_d1818-1883
245 1 3 _aEl papel del trabajo en la transformación del mono en hombre ; Manifiesto del partido comunista ; Ideología alemana /
_cKarl Marx, Friedrich Engels.
250 _a7a ed.
260 _aMéxico :
_bColofón,
_c2002.
300 _a192 p.
650 4 _aSocialismo
_97360
650 4 _aIdeología
_96793
650 2 _aTrabajo
_915756
700 1 _aEngels, Friedrich,
_d1820-1895
_ecoaut.
740 0 _aManifiesto del partido comunista
740 0 _aIdeología alemana
905 _aLibro
999 _c97261
_d97261